=LDR 00000nam 2200000 4500 =001 NUTBA000000000002065 =005 20140602122637.0 =006 =007 =008 =020 ##$$a 978-979-29-1597-6 =035 ##$$a 0010-061400000000008 =040 ##$$a NBPDMAT =082 ##$$a 639.3 =090 ##$$a 639.3 $b Ghu m =100 ##$$a M.Ghufran H.Kordi.K =245 ##$$a Mankultur prinsip dan praktek budi daya laut / $c M.Ghufran H.Kordi K =250 ##$$a Ed.1 =260 ##$$a Yogyakarta : $b Lily Publisher =300 ##$$a xxiii, 618 hlm. : $b ilus. ; $c 23 cm. =500 ##$$a Bibliografi : hlm. 587 =650 ##$$a Budi Daya Laut =850 ##$$a NBPDMAT =990 ##$$a 21400392 =990 ##$$a 21400613/BPAP-NTB/20142014 =990 ##$$a 21400613/BPAP-NTB/20142014 =990 ##$$a 21400613/BPAP-NTB/20142014 =990 ##$$a 21400613/BPAP-NTB/20142014 =990 ##$$a 21400613/BPAP-NTB/20142014 =990 ##$$a 21400613/BPAP-NTB/20142014